01528nam a22001697a 4500999001900000008004100019100004800060245019400108260003300302300003200335520071900367650010401086773003101190906002301221942000701244952010701251 c517556d517556210720b ||||| |||| 00| 0 eng d aMuller, Michal and Jedlickova, Lenka926810 aSeveral notes on the existential hermeneutic phenomenology for project management and possibilities of its extension by other existential concepts: Case study from the research project team aProject Management Journal  a51(4), Aug, 2020: p.452-463 aIn this article, we follow up the approach of employing existential hermeneutic phenomenology (EHP) (Rolfe et al., 2016) published in Project Management Journal® and we show that this innovative method, useful in managerial self-development, represents an important tool for learning not only in the private sector, but also in public research projects where managerial skills are required. In this article, we propose an extended EHP framework that includes the original ideas of phenomenologists Fink and Patočka. We present the results of our interpretative phenomenological analysis study, where issues of communication and interpersonal relationships emerge as key problems in project work. – Reproduced  aExistential perspective, Lived managerial experience, Qualitative research, Self-development925441 aProject Management Journal aPROJECT MANAGEMENT cAR 00102ddc40709391625aIIPAbIIPAd2021-07-20h51(4), Aug, 2020: p.452-463pAR124835r2021-07-20yAR